Supermercati più economici in Italia - 2024 - Statistics

Statistiche generali
  • Questo quiz è stato fatto 142 volte
  • Il punteggio medio è 11 su 22
Statistiche sulle risposte
Ranking Supermercato % Corretto
1. Lidl
87%
2. Eurospin
86%
17. Coop
83%
19. Conad
81%
18. Conad Superstore
81%
14. Spazio Conad
81%
9. Esselunga
76%
8. Esselunga Superstore
76%
11. Carrefour
63%
22. Carrefour Market
63%
5. MD
63%
3. Aldi
50%
21. Famila Superstore
38%
15. Pam
28%
4. In's
24%
12. Ipercoop
24%
16. Eurospar
22%
6. Penny Market
21%
13. Bennet
18%
20. Tigre
14%
10. Interspar
13%
7. Todis
11%
Nessun quiz corrispondente trovato
Distribuzione punteggi
Percentuale di utenti per punteggio
Percentile per numero di risposta
I tuoi punteggi nel tempo
Non hai fatto questo quiz